| 000 | 00340nam a22001337a 4500 | ||
|---|---|---|---|
| 008 | 170526b xxu||||| |||| 00| 0 eng d | ||
| 020 | _a9780023801310 | ||
| 041 | _aeng | ||
| 080 | _a62 | ||
| 100 | _a25 | ||
| 101 | _aIM | ||
| 245 |
_aDESIGN AND DEVELOPMENT OF EXPERT SYSTEMS AND NEURAL NETWORKS _cMEDSKER.L |
||
| 942 |
_2udc _cBK |
||
| 999 |
_c14554 _d14554 |
||